| Поле | Название | Значение |
| |
Тип записи |
i |
| |
Библиографический уровень |
c |
| 001 |
Контрольный номер |
b520ca01d8d04ddea55249ddbde0a5ac |
| 005 |
Дата корректировки |
20230112125155.3 |
| 010 |
Индекс ISBN |
__ |
| a |
ISBN |
978-5-9677-1401-6 |
| b |
Уточнения |
в кор. |
| d |
Цена |
177-45 |
| 100 |
Данные общей обработки |
__ |
| a |
Данные общей обработки |
20221026d2010 me y0rusy028902 ca |
| 101 |
Язык документа |
0_ |
| a |
Язык текста |
rus |
| 102 |
Страна публикации |
__ |
| a |
Страна публикации |
RU |
| 105 |
Кодированные данные (монография) |
__ |
| a |
Кодированные данные (монография) |
|
| 125 |
Кодированные данные звукозаписи и нотных изданий |
__ |
| a |
Форма изложения нотного текста |
|
| b |
Определитель литературного текста |
с |
| 126 |
Кодированные данные (звукозаписи-физические характеристики) |
__ |
| a |
Кодированные данные звукозаписи (общие) |
agbаhхх cd |
| 127 |
Кодированные данные (звукозаписи-физические характеристики) |
__ |
| a |
Продолжительность проигрывания |
0913## |
| 135 |
Кодированные данные (электронные ресурсы) |
__ |
| a |
Кодированные данные (электронные ресурсы) |
hongannnauuuu |
| 139 |
Кодированные данные (электронные ресурсы) |
__ |
| a |
Кодированные данные (электронные ресурсы) |
сaz |
| 181 |
Поле кодированных данных: вид содержания |
_0 |
| a |
Код вида содержания (ISBD) |
h |
| 182 |
Поле кодированных данных: тип средства |
_0 |
| a |
Код типа средства (ISBD) |
a |
| 200 |
Заглавие и сведения об ответственности |
1_ |
| a |
Заглавие |
Дети |
| a |
Заглавие |
Нечистая сила |
| a |
Заглавие |
Пантеон советов молодым людям |
| a |
Заглавие |
Шутка мецената |
| e |
Сведения, относящиеся к заглавию |
[рассказы : аудиокнига] |
| f |
Первые сведения об ответственности |
Аркадий Аверченко ; исполняет Владимир Герасимов |
| 203 |
Вид содержания и тип средства |
__ |
| a |
Вид содержания |
Устная речь |
| c |
Тип средства |
аудио |
| 210 |
Выходные данные |
1_ |
| a |
Место издания |
Москва |
| c |
Издательство |
1С-Паблишинг |
| d |
Дата издания |
2010 |
| 215 |
Физическое описание |
__ |
| a |
Объем |
1 электрон. опт. диск (CD-ROM) (09 ч 13 мин) |
| d |
Формат |
12 см |
| c |
Иллюстрации/тип воспроизводства |
зв. |
| 225 |
Серия |
2_ |
| a |
Серия |
1С: Аудиокниги |
| 225 |
Серия |
2_ |
| a |
Серия |
Классика русского юмора |
| 225 |
Серия |
2_ |
| a |
Серия |
Русская классика |
| 300 |
Общие примечания |
__ |
| a |
Общие примечания |
Заглавие с этикетки диска |
| 300 |
Общие примечания |
__ |
| a |
Общие примечания |
Данные в формате MP3 |
| 330 |
Аннотация |
__ |
| a |
Аннотация |
Над чем смеялись в России в начале XX столетия? Послушайте сборник лучших произведений из золотого фонда отечественного юмора первой половины XX в. - и ответ станет очевидным. Рассказы Аркадия Аверченко способны вызвать улыбку на устах даже самого серьезного читателя и слушателя, они, действительно, очень смешные, тонкие, и умные, и написаны прекрасным литературным языком. Недаром ими зачитывались и царь Николай II, и... вождь мирового пролетариата В. И. Ленин, назвавший сборник памфлетов "Дюжина ножей в спину революции", выпущенный Аверченко в 1921 г. в Париже, "высокоталантливой книжкой... озлобленного до умопомрачения белогвардейца". |
| 337 |
Примечание о системных требованиях (электронные ресурсы) |
__ |
| a |
Примечание о системных требованиях (электронные ресурсы) |
Системные требования : MS Windows 95/98/2000/XP/Vista/7/8/10 ; Pentium 100 ; ОЗУ 16 Мб ; монитор SVGA, 800x600 ; устройство чтения CD/DVD-ROM ; звуковая карта ; колонки или наушники ; мышь ; музыкальный центр ; CD/DVD-плеер, планшет, смартфон и прочие устройства |
| 606 |
Тематические рубрики |
__ |
| a |
Основная рубрика |
Художественная литература |
| 2 |
Код системы |
nlr_sh |
| 606 |
Тематические рубрики |
__ |
| a |
Основная рубрика |
Русская литература XX в. (произведения) |
| 2 |
Код системы |
nlr_sh |
| 606 |
Тематические рубрики |
__ |
| 2 |
Код системы |
nlr_sh |
| a |
Основная рубрика |
Русская литература XIX в. (произведения) |
| 610 |
Ключевые слова |
0_ |
| a |
Ключевые слова |
рассказы |
| a |
Ключевые слова |
аудиокниги |
| 610 |
Ключевые слова |
0_ |
| a |
Ключевые слова |
юмористические рассказы |
| 610 |
Ключевые слова |
0_ |
| a |
Ключевые слова |
юмор |
| 610 |
Ключевые слова |
0_ |
| a |
Ключевые слова |
сатира |
| 610 |
Ключевые слова |
0_ |
| a |
Ключевые слова |
сатирические рассказы |
| 610 |
Ключевые слова |
0_ |
| a |
Ключевые слова |
тема юмора |
| 610 |
Ключевые слова |
0_ |
| a |
Ключевые слова |
тема сатиры |
| 686 |
Индексы других классификаций |
__ |
| 2 |
Код системы |
rubbks |
| a |
Классификационный индекс |
84(2=411.2)53-4я04; ст84(2=411.2)1-4я0 |
| 700 |
Автор |
_1 |
| a |
Фамилия |
Аверченко |
| b |
Имя |
А. Т. |
| g |
Полное личное имя |
Аркадий Тимофеевич |
| f |
Даты |
1881-1925 |
| 4 |
Код отношения |
070 |
| 702 |
Вторичная интеллектуальная ответственность |
_1 |
| a |
Фамилия |
Герасимов |
| b |
Имя |
В. М. |
| g |
Полное личное имя |
Владимир Макарович |
| 4 |
Код отношения |
590 |
| f |
Даты |
1950- |
| 801 |
Источник записи |
_0 |
| b |
Организация |
Муниципальное бюджетное учреждение культуры "Централизованная библиотечная система" г. Сургут (Центральная городская библиотека им. А. С. Пушкина) |
| a |
Страна |
RU |
| c |
Дата составления |
20221026 |
| g |
Правила каталогизации |
PSBO |
| 801 |
Источник записи |
_1 |
| b |
Организация |
Муниципальное бюджетное учреждение культуры "Централизованная библиотечная система" г. Сургут (Центральная городская библиотека им. А. С. Пушкина) |
| a |
Страна |
RU |
| c |
Дата составления |
20221026 |
| g |
Правила каталогизации |
PSBO |
| 852 |
Данные о местонахождении |
5_ |
| j |
Шифр хранения |
84(2=411.2)53-4я04 |
| i |
Авторский знак |
А 19 |
| 900 |
Макрообъекты |
__ |
| a |
Макрообъекты |
Дети ; Нечистая сила ; Пантеон советов молодым семьям ; Шутка мецената. Аверченко, А., 2010 |
| 901 |
Тип документа |
__ |
| a |
Ответственный |
КиК/Котельникова |
| t |
Тип документа |
0 |
| 903 |
Характеристики (МАРС) |
__ |
| a |
Дата передачи |
20221026 |
| c |
Наименование библиотеки (МАРС) |
Муниципальное бюджетное учреждение культуры "Централизованная библиотечная система" г. Сургут (Центральная городская библиотека им. А. С. Пушкина) |
| 969 |
Тип издания |
__ |
| a |
Тип издания |
аудиокнига |
| a |
Тип издания |
издание для слепых |
| 990 |
Данные о заказе (DOS) |
__ |
| j |
Количество экземпляров (DOS) |
1 |
| t |
N записи в КСУ для И/У (DOS) |
202211 |